U.S. Cities by Satellite Image - Extreme - Statistics

General Stats
  • This quiz has been taken 73 times
  • The average score is 36 of 100
Answer Stats
Picture Answer % Correct
Miami
80%
Chicago
77%
San Francisco
77%
Honolulu
73%
Juneau
73%
Key West
73%
Los Angeles
73%
Seattle
73%
Jacksonville
70%
New York City
70%
Cleveland
67%
Milwaukee
67%
San Diego
67%
Anchorage
63%
Pittsburgh
63%
Detroit
60%
Oakland
60%
Boston
57%
Madison
57%
Philadelphia
57%
Baltimore
53%
Charleston
53%
St. Louis
53%
Corpus Christi
50%
New Orleans
50%
St. Petersburg
50%
Albuquerque
47%
Charleston
47%
Duluth
47%
Las Vegas
47%
Portland
47%
Virginia Beach
47%
Washington
47%
Minneapolis
43%
San Juan
43%
Albany
40%
Cincinnati
40%
Houston
40%
Portland
40%
Tampa
40%
Tucson
40%
Cape Coral
37%
El Paso
37%
Green Bay
37%
Memphis
37%
Orlando
37%
Phoenix
37%
Salt Lake City
37%
Colorado Springs
33%
Norfolk
33%
Omaha
33%
Providence
33%
Buffalo
30%
Dallas
30%
Port St. Lucie
30%
Sacramento
30%
San Jose
30%
Biloxi
27%
Boise
27%
Columbus
27%
Indianapolis
27%
Louisville
27%
San Antonio
27%
St. Paul
27%
Baton Rouge
23%
Charlotte
23%
Denver
23%
Fort Myers
23%
Fresno
23%
Kansas City
23%
Mobile
23%
Nashville
23%
Sedona
23%
Amarillo
20%
Annapolis
20%
Fort Worth
20%
Oklahoma City
20%
Reno
20%
Austin
17%
Chattanooga
17%
Des Moines
17%
Grand Junction
17%
Hartford
17%
Knoxville
17%
Olympia
17%
Atlanta
13%
Birmingham
13%
Harrisburg
13%
Pensacola
13%
Raleigh
13%
Wichita
13%
Grand Rapids
10%
Little Rock
10%
Riverside
10%
Rochester
10%
Jackson
7%
Rapid City
7%
Richmond
7%
Savannah
7%
Toledo
3%
No matching quizzes found
Score Distribution
Percent of People with Each Score
Percentile by Number Answered
Your Score History
You have not taken this quiz